000 00304nam a22001337a 4500
008 181009b xxu||||| |||| 00| 0 eng d
020 _a0070072612
041 _aeng
080 _21th
_a610
100 _a4
101 _aSHM
245 _aPrinciples of Internal Medicine
_cBraunwald,E
942 _2udc
_cBK
999 _c49102
_d49102